[Event "27th CRO-chT 1A-Men 2018"]
[Site "Biograd"]
[Date "2018.09.09"]
[Round "2.1"]
[White "Ponkratov, Pavel"]
[Black "Malakhov, Vladimir"]
[Result "1/2-1/2"]
[WhiteElo "2622"]
[BlackElo "2666"]
[Annotator "TA"]
[PlyCount "79"]
[EventDate "2018.09.08"]
[EventType "team-tourn"]
[EventCountry "CRO"]
[SourceTitle "playchess.com"]
[Source "ChessBase"]
[SourceQuality "1"]

{[%evp 22,79,44,44,39,41,52,31,32,18,10,11,47,45,46,56,55,13,30,15,33,27,27,33,23,16,16,9,7,4,9,8,29,15,50,43,39,15,16,25,20,17,14,25,12,14,22,8,8,8,8,0,0,0,0,0,0,0,0,8]} 1. d4 d5 2. c4 c6 3. Nf3 Nf6 4. Nc3 dxc4 5. a4 Bf5 6. Ne5 e6 7. f3 c5 8. e4 {D17: Slav Defence: 5 a4 Bf5: Lines with 6 Nh4 and 6 Ne5} Bg6 9. Be3 cxd4 10. Qxd4 Qxd4 11. Bxd4 Nfd7 12. Nxd7 {LiveBook: 88 Games} Nxd7 13. Bxc4 a6 14. Ke2 (14. h4 h6 15. Rd1 Rg8 {1-0 (30) Matlakov,M (2728)-Aronian,L (2799) Tbilisi 2017}) 14... Rg8 $146 ({Predecessor:} 14... Rc8 15. Bb3 Rg8 {1-0 (47) Tempone,M (2361)-Gaitan,J (2340) Villa Martelli 2015}) 15. Rhd1 Rc8 16. Bb3 Bc5 17. a5 {[#] Ba4 is the strong threat.} Bxd4 18. Rxd4 {Threatens to win with Ba4.} Ke7 19. Ba4 Rgd8 20. Rad1 Ne5 21. Rxd8 Rxd8 22. Rxd8 Kxd8 $14 {[%mdl 4096] Endgame KBN-KBN} 23. b4 Kc7 24. Ke3 f6 25. Kd4 Kd6 26. b5 Nf7 27. Bb3 Nd8 28. Kc4 Be8 29. Kb4 axb5 30. Nxb5+ Bxb5 31. Kxb5 $11 {KB-KN} Kc7 $1 32. Kc5 Nc6 33. Bxe6 {The position is equal.} Nxa5 34. f4 Nc6 35. Bc4 Ne7 36. Bb5 b6+ 37. Kd4 Kd6 38. e5+ fxe5+ 39. fxe5+ Ke6 40. Bc4+ {Precision: White = 60%, Black = 75%.} 1/2-1/2

[Event "27th CRO-chT 1A-Men 2018"]
[Site "Biograd"]
[Date "2018.09.09"]
[Round "2.2"]
[White "Korobov, Anton"]
[Black "Predke, Alexandr"]
[Result "1-0"]
[WhiteElo "2685"]
[BlackElo "2612"]
[Annotator "TA"]
[PlyCount "73"]
[EventDate "2018.09.08"]
[EventType "team-tourn"]
[EventCountry "CRO"]
[SourceTitle "playchess.com"]
[Source "ChessBase"]
[SourceQuality "1"]

{[%evp 17,73,41,97,0,21,-2,-4,-13,-17,-37,-55,-47,-31,-72,-71,-79,-67,-73,-50,-34,0,-75,-46,-39,-38,-40,-30,-26,-32,-70,-9,-15,0,0,0,-8,27,26,22,25,20,20,18,18,17,18,24,24,24,17,19,16,57,57,61,36,29994,29995]} 1. d4 d5 2. c4 dxc4 3. e4 Nf6 {[%cal Bg8f6,Bf6d5,Bd5b6][%mdl 32]} 4. e5 Nd5 5. Bxc4 Nb6 6. Bd3 Nc6 7. Ne2 Bg4 8. f3 Be6 9. Nbc3 Qd7 {[#] LiveBook: 85 Partien} (9... Nb4 $14) 10. a4 {D20: Angenommenes Damengambit} ({Besser ist} 10. Ne4 $1 $16) (10. Ne4 Bd5 11. Nc5 Qc8 12. Bd2 e6 13. Rc1 Bxc5 14. Rxc5 Qd7 15. a4 Qe7 16. Be3 Nb4 17. a5 Nd7 18. Rxc7 {½-½ (38) Naroditsky,D (2646)-Xiong,J (2674) Saint Louis 2017}) 10... Bc4 $146 ({Vorgänger:} 10... a5 11. Bb5 Bc4 12. Bxc4 Nxc4 13. d5 N6xe5 14. b3 Nd6 15. O-O Ng6 16. Nd4 c5 17. Ndb5 b6 {0-1 (32) Harovelo,I (2222)-David,V (2320) France 2006}) 11. Bxc4 Nxc4 12. b3 {Die Stellung ist ausgeglichen.} Nb6 13. e6 fxe6 14. Ne4 e5 {[%cal Re5d4]} 15. a5 Nd5 16. dxe5 e6 17. O-O Nxe5 18. Bb2 $1 {[%cal Rb2e5]} Bd6 {...Se3 ist eine echte Drohung.} (18... Nc6 {keeps more tension.} 19. a6 b6 20. Qd3 Ncb4 21. Qd2 h6) 19. Qd2 (19. f4 $11 {hält das Gleichgewicht.} Ng4 20. Rf3) 19... O-O 20. Nxd6 cxd6 ({Nicht} 20... Qxd6 $2 21. Qd4 $18) 21. Ng3 Qb5 22. Ne4 Nf7 23. Rab1 e5 (23... Rac8 $15) 24. Rfd1 Nf4 25. Nxd6 Nxd6 26. Qxd6 e4 27. Qe7 {[%csl Gb2][%cal Re7g7]} Rf7 28. Rd8+ Rxd8 29. Qxd8+ $40 {[%mdl 128] Weiss hat was vor.} Rf8 30. Qe7 {[%csl Gb2][%cal Re7g7]} Rf7 31. Qxe4 Qc5+ 32. Kf1 $1 Qxa5 {Droht ...Dd2 und aus.} 33. Rd1 Qb5+ 34. Kg1 {Und weiter mit Td8+ wäre nett.} Ng6 35. Rd8+ Nf8 36. Qe3 Rd7 $2 {[%mdl 8192] [#]} (36... h6 $14) 37. Qe6+ $1 {Precision: Weiß = 56%, Schwarz = 56%.} 1-0

[Event "27th CRO-chT 1A-Men 2018"]
[Site "Biograd"]
[Date "2018.09.09"]
[Round "2.3"]
[White "Martinovic, Sasa"]
[Black "Stevic, Hrvoje"]
[Result "1/2-1/2"]
[WhiteElo "2567"]
[BlackElo "2579"]
[Annotator "TA"]
[PlyCount "35"]
[EventDate "2018.09.08"]
[EventType "team-tourn"]
[EventCountry "CRO"]
[SourceTitle "playchess.com"]
[Source "ChessBase"]
[SourceQuality "1"]

{[%evp 23,35,20,23,18,36,17,21,19,38,0,0,0,0,0]} 1. d4 d5 2. c4 dxc4 3. Nf3 Nf6 4. e3 e6 5. Bxc4 c5 6. O-O a6 7. Nc3 b5 8. Be2 Nbd7 {D27: Queen's Gambit Accepted: Classical main line: 7 e4!? and 7 a4} (8... Bb7 9. dxc5 Nc6 10. Qc2 Nb4 11. Qb3 Bxc5 12. Rd1 Qb8 13. a4 bxa4 14. Qxa4+ Bc6 15. Qa5 Be7 16. Ra3 Nc2 {1-0 (46) Wei,Y (2743)-Navara,D (2740) Yancheng 2018}) 9. d5 exd5 10. Nxd5 Bb7 11. Nxf6+ Qxf6 12. a4 b4 {LiveBook: 10 Games} 13. e4 h6 ({Wrong is} 13... Bxe4 $2 14. Re1 $18) 14. Ra2 Bd6 15. b3 {[#] Strongly threatening Rd2.} Ne5 {[#]} 16. Bb2 $146 ({Predecessor:} 16. Nd2) 16... Nxf3+ (16... Bxe4 17. Nxe5 Bxe5 18. Bxe5 $14) 17. Bxf3 Be5 18. Bxe5 1/2-1/2

[Event "27th CRO-chT 1A-Men 2018"]
[Site "Biograd"]
[Date "2018.09.09"]
[Round "2.4"]
[White "Kozul, Zdenko"]
[Black "Cvitan, Ognjen"]
[Result "1-0"]
[WhiteElo "2600"]
[BlackElo "2489"]
[Annotator "TA"]
[PlyCount "55"]
[EventDate "2018.09.08"]
[EventType "team-tourn"]
[EventCountry "CRO"]
[SourceTitle "playchess.com"]
[Source "ChessBase"]
[SourceQuality "1"]

{[%evp 20,55,34,20,28,21,20,20,42,28,28,17,22,32,29,14,15,14,29,22,31,34,52,32,33,11,14,-7,-6,-7,-6,-8,14,17,80,89,929,925]} 1. d4 Nf6 2. c4 e6 3. g3 d5 4. Bg2 Be7 5. Nf3 O-O 6. O-O c6 7. b3 Nbd7 8. Bb2 b6 9. Nc3 Bb7 10. Qd3 Rc8 {E07: Closed Catalan: Main Line (5 Nf3 0-0 6 0-0 Nbd7)} 11. Rfd1 {LiveBook: 8 Games} Re8 (11... Ba6 12. e4 c5 13. exd5 exd5 14. Nb5 dxc4 15. bxc4 Bxb5 16. cxb5 c4 17. Qc2 c3 18. Bc1 {1-0 (40) Cheparinov,I (2702)-Fang,Y (2428) China 2018}) 12. e4 dxe4 {The position is equal.} 13. Nxe4 c5 $146 ({Predecessor:} 13... Qc7 14. Nc3 Rcd8 15. Rd2 Bb4 16. Re2 e5 17. Qc2 exd4 18. Rxe8+ Rxe8 19. Nxd4 {0-1 (42) Zubarev,A (2525)-Delorme,A (2316) Sautron 2016}) 14. Nxf6+ Bxf6 {[#]} 15. Ng5 $1 {[%mdl 512]} Bxg5 16. Bxb7 Rc7 17. Bg2 Bf6 18. Qe3 Qb8 19. Rab1 cxd4 20. Bxd4 Rcc8 {[%cal Bc7c8,Bc8d8,Bd8d2][%mdl 32]} 21. Bc3 Red8 22. Bb4 {aiming for Bd6.} Nc5 23. Rxd8+ Rxd8 24. Bxc5 bxc5 25. Qxc5 Rd2 26. Qa5 Rc2 {[#]} (26... Qd6 $11) 27. Be4 $1 $16 {[%cal Re4c2]} Bd8 $2 {[%mdl 8192]} (27... Rb2 $16) 28. Qa4 {Precision: White = 76%, Black = 26%.} 1-0

[Event "27th CRO-chT 1A-Men 2018"]
[Site "Biograd"]
[Date "2018.09.09"]
[Round "2.5"]
[White "Kurajica, Bojan"]
[Black "Palac, Mladen"]
[Result "1/2-1/2"]
[WhiteElo "2526"]
[BlackElo "2540"]
[Annotator "TA"]
[PlyCount "40"]
[EventDate "2018.09.08"]
[EventType "team-tourn"]
[EventCountry "CRO"]
[SourceTitle "playchess.com"]
[Source "ChessBase"]
[SourceQuality "1"]

{[%evp 9,40,-3,-3,-21,-21,-20,-9,-11,-11,-12,0,-10,-12,-14,0,0,0,0,12,0,11,0,0,-29,-39,-45,0,0,0,0,0,0,0]} 1. Nf3 d5 2. e3 Nf6 3. c4 e6 4. b3 b6 (4... Be7 5. Bb2 dxc4 6. bxc4 c5 7. Nc3 b6 8. g4 Bb7 9. g5 Nfd7 10. h4 Ne5 11. Nxe5 Bxh1 12. Qa4+ Nd7 13. f3 {0-1 (49) Mamedyarov,S (2801)-Nakamura,H (2777) Saint Louis 2018}) 5. cxd5 exd5 6. Bb5+ {A13: English Opening: 1...e6} c6 7. Be2 Bd6 8. Ba3 $146 ({Predecessor:} 8. Bb2 Qe7 9. O-O O-O 10. Qc2 Bg4 11. d3 Rc8 12. Re1 {0-1 (20) Fattorelli,L (2030)-Van Hoolandt,P (2233) Imperia 2009}) 8... Bxa3 9. Nxa3 Qe7 10. Qc1 O-O 11. O-O c5 12. d4 Bg4 13. Rd1 Nc6 14. Nb5 Rfd8 15. Qa3 Ne4 {[#] aiming for ...a6.} 16. Rac1 a6 17. Nc3 Qf6 18. Qb2 {The position is equal.} cxd4 19. Nxe4 dxe4 20. Nxd4 Nxd4 {Precision: White = 42%, Black = 50%.} 1/2-1/2

[Event "27th CRO-chT 1A-Men 2018"]
[Site "Biograd"]
[Date "2018.09.09"]
[Round "2.6"]
[White "Jankovic, Alojzije"]
[Black "Rogic, Davor"]
[Result "1-0"]
[WhiteElo "2558"]
[BlackElo "2519"]
[Annotator "TA"]
[PlyCount "63"]
[EventDate "2018.09.08"]
[EventType "team-tourn"]
[EventCountry "CRO"]
[SourceTitle "playchess.com"]
[Source "ChessBase"]
[SourceQuality "1"]

{[%evp 16,63,12,0,0,0,0,0,0,0,58,51,56,56,59,62,59,43,47,30,55,58,293,274,396,402,530,514,570,571,596,592,751,735,908,922,947,785,863,753,795,792,903,913,1026,1023,1002,975,2084,1234]} 1. d4 d5 2. c4 c6 3. Nf3 Nf6 4. Qc2 g6 5. Bf4 Bg7 6. e3 O-O 7. Nc3 c5 8. dxc5 {D93: Grünfeldindisch (5.Lf4)} Qa5 9. Rc1 {LiveBook: 11 Partien} (9. Rd1 dxc4 10. Bxc4 Qxc5 11. Bb3 Nc6 12. O-O Bf5 13. Qe2 Rad8 14. h3 h6 15. e4 g5 16. Be3 Qa5 17. exf5 Qxf5 18. Nd4 {1-0 (18) Bu,X (2730)-Ibrahimov,R (2518) Riadh 2017}) 9... Na6 10. a3 {Die Stellung ist ausgeglichen.} Bf5 11. Qd2 $146 ({Vorgänger:} 11. Qa4 Qxa4 12. Nxa4 Bd7 13. Nc3 Nxc5 14. cxd5 Rfc8 15. Ne5 Na4 16. Nxd7 Nxd7 {1-0 (57) Kucuksari,K (2251)-Hillarp Persson,T (2540) Gothenburg 2018}) 11... dxc4 12. Bxc4 Rad8 ({Günstiger ist} 12... Qxc5 $11 13. Ne5 Nh5 14. Bxa6 Nxf4 15. exf4 Rad8) 13. Nd4 $14 Nh5 14. Bg5 $1 {[%cal Rg5e7]} Qxc5 {[%cal Rg7d4]} 15. Ncb5 {Schwarz muss nun 0-0 beachten.} h6 16. Be2 Qe5 17. f4 $36 {[%mdl 2048] Schwarz steht unter Druck.} Qd5 $1 {[%cal Rd5g2]} 18. Bxe7 {[#] Droht stark 0-0.} Nxf4 $2 ({Lieber} 18... Qxg2 $14 19. Bf3 Qxf3 20. Nxf3 Rxd2 21. Kxd2 (21. Bxf8 Rxb2 22. Bxg7 Nxg7 $14) 21... Re8) 19. exf4 $18 Rfe8 (19... Qxg2 $142 20. Rf1 Rfe8 21. Bxd8 Bh3) 20. Bxd8 Bg4 21. Ba5 {Weiß steht klar auf Gewinn.} Qxg2 22. Rf1 Bf6 23. Qd3 Qd5 24. Kd2 {[%cal Be1d2,Bd2c3,Bc3b3,Bb3a2][%mdl 32]} Bxe2 25. Nxe2 Qh5 26. Bb4 Rd8 27. Nbd4 Qxh2 28. Kc3 Nc7 29. Kb3 Ne6 30. Ka2 Nxd4 31. Nxd4 Rxd4 32. Qb3 {Precision: Weiß = 67%, Schwarz = 41%.} 1-0

[Event "27th CRO-chT 1A-Men 2018"]
[Site "Biograd"]
[Date "2018.09.09"]
[Round "2.7"]
[White "Movsesian, Sergei"]
[Black "Inarkiev, Ernesto"]
[Result "1/2-1/2"]
[WhiteElo "2645"]
[BlackElo "2679"]
[Annotator "TA"]
[PlyCount "118"]
[EventDate "2018.09.08"]
[EventType "team-tourn"]
[EventCountry "CRO"]
[SourceTitle "playchess.com"]
[Source "ChessBase"]
[SourceQuality "1"]

{[%evp 22,118,10,14,15,26,32,0,0,-8,0,-9,-1,-1,0,-1,0,-20,-10,-12,-16,-30,-18,-25,-21,-19,-19,-25,-26,-41,-41,-41,-41,-70,-20,-21,-21,-21,-4,-4,-4,-4,-4,-4,-4,-4,-4,-4,-4,-4,0,0,0,0,0,0,0,0,85,0,10,0,0,0,0,0,0,0,0,0,0,0,0,0,0,0,0,0,0,0,0,0,0,0,0,0,0,0,0,0,0,0,0,0,0,0,0,0,0]} 1. e4 e5 2. Nf3 Nc6 3. Bc4 Nf6 4. d3 Bc5 5. O-O O-O 6. c3 d5 7. exd5 Nxd5 8. h3 Nb6 9. Bb5 Bd6 10. Re1 {C55: Two Knights: 4 d3, 4 d4 exd4 5 e5 and Max Lange Attack} Ne7 11. d4 exd4 12. Nxd4 {LiveBook: 3 Games} c6 $146 ({Predecessor:} 12... Nf5 13. Nxf5 Bxf5 14. Qf3 Bd7 15. Bxd7 Nxd7 16. Be3 Ne5 17. Qe2 Re8 {0-1 (41) Vajda,L (2499)-Fressinet,L (2718) Bastia 2010}) 13. Bf1 Nf5 14. Nxf5 Bxf5 15. Nd2 {[%cal Bb1d2,Bd2b3,Bb3d4][%mdl 32]} Qd7 16. Nb3 Rfe8 17. Rxe8+ Rxe8 18. Be3 Qe7 19. Nd4 Be4 20. Qh5 Nd5 21. Re1 Nxe3 (21... Bg6 {with more complications.} 22. Qd1 Qd7 23. Bd2 Rxe1 24. Qxe1 h6) 22. Rxe3 Qe5 23. Qxe5 Rxe5 24. Nf3 Re7 25. Bd3 Bd5 26. Rxe7 Bxe7 $15 {[%mdl 4096] Endgame KBB-KBN} 27. c4 Be6 (27... Bxf3 $5 28. gxf3 g6 $17) 28. Nd4 Bd7 29. Bf5 Bxf5 30. Nxf5 $11 {KB-KN} Bc5 31. g4 Kf8 32. Kg2 g6 33. Ng3 Ke7 34. f4 Bd4 35. b3 h6 36. Kf3 b6 37. h4 Bc3 38. h5 Be1 39. Ne2 Bd2 (39... gxh5 $11 {keeps the balance.} 40. gxh5 c5) 40. Ng3 (40. Nd4 $16) 40... Bc3 {The position is equal.} 41. hxg6 fxg6 42. f5 Be5 {Black wants to play ...Bxg3.} 43. fxg6 Bxg3 $1 44. Kxg3 {KP-KP} Kf6 45. Kh4 {[#] aiming for Kh5.} Kxg6 46. b4 c5 47. b5 Kf6 {Strongly threatening ...Ke5.} 48. Kh5 Kg7 49. g5 hxg5 50. Kxg5 {K3P-K3P} Kf7 51. Kf5 Ke7 52. Ke5 Kd7 53. Kd5 Kc7 54. Ke6 Kc8 55. Kd6 Kb7 56. Kd7 Kb8 $1 57. Kc6 Kc8 58. a3 Kb8 $1 59. a4 Kc8 {Precision: White = 61%, Black = 71%.} 1/2-1/2

[Event "27th CRO-chT 1A-Men 2018"]
[Site "Biograd"]
[Date "2018.09.09"]
[Round "2.8"]
[White "Romanov, Evgeny"]
[Black "Nguyen, Thai Dai Van"]
[Result "1-0"]
[WhiteElo "2611"]
[BlackElo "2537"]
[Annotator "TA"]
[PlyCount "119"]
[EventDate "2018.09.08"]
[EventType "team-tourn"]
[EventCountry "CRO"]
[SourceTitle "playchess.com"]
[Source "ChessBase"]
[SourceQuality "1"]

{[%evp 24,119,14,-2,10,0,0,-4,0,0,13,-1,-13,-12,0,0,5,0,0,0,39,20,57,46,59,51,54,66,140,120,140,140,160,141,246,223,237,242,243,251,248,239,237,238,245,193,205,199,144,114,207,197,283,269,272,195,306,302,302,294,304,304,291,258,284,269,416,412,403,376,356,343,422,422,398,364,494,485,459,462,413,395,420,406,503,491,739,654,644,675,595,578,778,781,744,547,568,554]} 1. c4 e6 2. g3 d5 3. Bg2 Nf6 4. b3 Be7 5. Nf3 O-O 6. O-O b6 7. Bb2 Bb7 8. e3 dxc4 9. bxc4 c5 10. Nc3 Nc6 11. Qe2 Qc7 12. Rad1 {A14: English Opening: 1...e6 with b3 by White} (12. Rac1 Rfd8 13. Rfd1 Na5 14. Ne1 Bxg2 15. Nxg2 Qb7 16. f4 a6 17. Ba1 Ne4 18. Nxe4 Qxe4 19. d3 Qg6 {0-1 (47) Caruana,F (2807)-Aronian,L (2799) Saint Louis 2017}) 12... a6 13. Ne1 {LiveBook: 6 Games} Na7 14. a4 {The position is equal.} Bxg2 15. Nxg2 Rfd8 $146 ({Predecessor:} 15... Ne8 16. f4 Bf6 17. f5 Nd6 18. fxe6 fxe6 19. Nf4 Qe7 {½-½ (47) Beletic,D (2329)-Titan,M (2217) Portoroz 2016}) 16. g4 {[%cal Bg3g4,Bg4g5][%mdl 32]} Qd7 17. g5 Ne8 18. f4 Qd3 19. Qxd3 Rxd3 20. Kf2 Rd7 21. Ne4 Nc6 22. Ke2 Nd6 23. Nxd6 $1 Rxd6 24. Ne1 Rad8 {White should prevent ...Na5.} 25. Nf3 f5 (25... Na5 $14) 26. Bc3 a5 27. h4 {[%cal Bh2h4,Bh4h5][%mdl 32]} Rc8 28. h5 Bd8 (28... Rd7 $16 {was called for.} 29. Rb1 Rb8) 29. Ne5 $18 Nxe5 30. Bxe5 Rd7 31. Rb1 Rc6 32. Rb3 Kf8 33. Rc1 Ke8 34. Rcc3 Bc7 35. Rd3 $1 Bd6 36. Rb5 {And now Rdb3 would win.} Kd8 (36... Bxe5 $16 37. fxe5 Rxd3 38. Kxd3 Kd7) 37. Bc3 Kc7 (37... Ra7 $142 38. Rb1 Kc8) 38. Rb1 Re7 39. Kf3 e5 (39... Kc8 {was necessary.} 40. Be5 Bxe5 41. fxe5 Rd7) 40. Rd5 $1 {[%cal Rf4e5]} exf4 41. exf4 g6 42. d3 $1 Kc8 43. hxg6 hxg6 44. Rh1 $1 Bc7 {[#]} (44... Re8 $142 45. Rh6 Rg8) 45. Rh8+ $1 Kb7 {[#]} 46. Bf6 $1 {[%cal Rf6e7]} Re1 47. Rh7 {Strongly threatening Be5.} Kc8 48. Rdd7 Re8 49. Rdf7 Bb8 {[#] intending ...Rd6.} 50. Be5 $1 {[%mdl 512]} Rce6 (50... Bxe5 51. fxe5) 51. Rf6 Bxe5 52. fxe5 Rxe5 {[%mdl 4096] Endgame KRR-KRR} 53. Rc6+ Kd8 54. Rxb6 {[%cal Rb6b8] White is clearly winning.} R8e7 (54... Kc8 $142 55. Rxg6 Re1) 55. Rxe7 Kxe7 56. Rxg6 Re1 57. Rc6 Ra1 58. Rxc5 Rxa4 59. Rxf5 Ra1 60. Ke4 {Precision: White = 76%, Black = 45%.} 1-0

[Event "27th CRO-chT 1A-Men 2018"]
[Site "Biograd"]
[Date "2018.09.09"]
[Round "2.9"]
[White "Sertic, Rudolf"]
[Black "Lalic, Bogdan"]
[Result "1/2-1/2"]
[WhiteElo "2366"]
[BlackElo "2403"]
[Annotator "NA"]
[PlyCount "25"]
[EventDate "2018.09.08"]
[EventType "team-tourn"]
[EventCountry "CRO"]
[SourceTitle "playchess.com"]
[Source "ChessBase"]
[SourceQuality "1"]
[TimeControl "40/5400+30:1800+30"]

1. e4 {[%emt 0:00:30]} c5 {[%emt 0:03:30]} 2. Nf3 {[%emt 0:00:00]} Nc6 {[%emt 0:00:30]} 3. d4 {[%emt 0:00:00]} cxd4 {[%emt 0:00:00]} 4. Nxd4 {[%emt 0:00:30]} Nf6 {[%emt 0:00:00]} 5. Nc3 {[%emt 0:00:00]} e6 {[%emt 0:00:30]} 6. Ndb5 {[%emt 0:00:00]} d6 {[%emt 0:00:00]} 7. Bf4 {[%emt 0:00:00]} e5 {[%emt 0:00:00]} 8. Bg5 {[%emt 0:00:00]} a6 {[%emt 0:00:30]} 9. Na3 {[%emt 0:00:30]} b5 {[%emt 0:00:30]} 10. Nd5 {[%emt 0:00:00]} Qa5+ {[%emt 0:00:00]} 11. Bd2 {[%emt 0:00:00]} Qd8 {[%emt 0:00:00]} 12. Bg5 {[%emt 0:00:30]} Qa5+ {[%emt 0:00:30]} 13. Bd2 {[%emt 0:00:00]} 1/2-1/2

[Event "27th CRO-chT 1A-Men 2018"]
[Site "Biograd"]
[Date "2018.09.09"]
[Round "2.10"]
[White "Plenkovic, Zdenko"]
[Black "Biti, Ozren"]
[Result "1/2-1/2"]
[WhiteElo "2418"]
[BlackElo "2366"]
[Annotator "TA"]
[PlyCount "71"]
[EventDate "2018.09.08"]
[EventType "team-tourn"]
[EventCountry "CRO"]
[SourceTitle "playchess.com"]
[Source "ChessBase"]
[SourceQuality "1"]

{[%evp 9,71,39,35,22,22,35,36,31,31,22,31,31,30,25,33,33,31,39,37,23,35,0,0,-17,0,0,50,56,68,60,66,68,77,17,41,15,53,51,53,0,8,0,25,6,44,29,73,0,0,9,31,8,6,-29,-29,-29,-29,-29,-29,-29,-29,-29,-29,-29]} 1. c4 e5 2. Nc3 d6 3. e3 f5 4. d4 c6 (4... e4 5. g4 fxg4 6. Nxe4 Nf6 7. Bd3 Nxe4 8. Bxe4 Qh4 9. Ne2 g6 10. Ng3 Bg7 11. Bd2 O-O 12. Bc3 {0-1 (48) Grigoryan,A (2504)-Pashikian,A (2650) Martuni 2009}) 5. dxe5 dxe5 6. Qxd8+ {A21: English Opening: 1...e5 2 Nc3} Kxd8 7. Nf3 $146 ({Predecessor:} 7. b3 Nh6 8. Bb2 Be6 9. Nf3 Nf7 10. O-O-O+ Nd7 11. h4 Kc7 12. g3 {0-1 (70) Psaras,S (2270)-Makropoulos,G (2450) Serres 1990}) 7... e4 8. Nd4 {White is slightly better.} Nf6 9. Be2 c5 10. Nc2 Be6 11. b3 Nbd7 12. Bb2 a6 13. O-O Bd6 14. Rfd1 Ke7 15. Rab1 Rhd8 16. Na4 Rac8 17. Ba3 a5 18. Rd2 $36 {[%mdl 2048] White fights for an advantage.} Rc6 19. Rbd1 b6 20. Nc3 Ne5 21. Nb5 (21. Bb2 $16) 21... Nf7 22. h3 Ke8 23. Bb2 Be7 24. a4 Rxd2 25. Rxd2 g6 26. Nca3 Nd7 27. Nb1 Nd6 28. N1c3 (28. f3 $16) 28... Nxb5 $1 $11 29. Nxb5 Kf7 30. Kf1 Bf6 31. Rd6 Rxd6 {Black has an edge.} 32. Nxd6+ Kf8 33. Bxf6 Nxf6 34. Nb5 Ke7 35. Ke1 Bd7 36. Nc3 {Precision: White = 46%, Black = 49%.} 1/2-1/2

[Event "27th CRO-chT 1A-Men 2018"]
[Site "Biograd"]
[Date "2018.09.09"]
[Round "2.11"]
[White "Medak, Bojan"]
[Black "Loncar, Robert"]
[Result "1/2-1/2"]
[WhiteElo "2367"]
[BlackElo "2409"]
[Annotator "ChessBase"]
[PlyCount "55"]
[EventDate "2018.09.08"]
[EventType "team-tourn"]
[EventCountry "CRO"]
[SourceTitle "playchess.com"]
[Source "ChessBase"]
[SourceQuality "1"]
[TimeControl "40/5400+30:1800+30"]

1. c4 {[%emt 0:02:30]} Nf6 {[%emt 0:10:30]} 2. Nf3 {[%emt 0:00:30]} e6 {[%emt 0:00:30]} 3. g3 {[%emt 0:01:30]} d5 {[%emt 0:00:30]} 4. Bg2 {[%emt 0:00:30]} d4 {[%emt 0:00:30]} 5. e3 {[%emt 0:01:30]} c5 {[%emt 0:00:30]} 6. O-O {[%emt 0:02:30]} Nc6 {[%emt 0:00:30]} 7. exd4 {[%emt 0:00:00]} cxd4 {[%emt 0:00:00]} 8. d3 {[%emt 0:01:00]} h6 {[%emt 0:02:00]} 9. Na3 {[%emt 0:01:30]} Bc5 {[%emt 0:01:30]} 10. Re1 {[%emt 0:01:30]} O-O {[%emt 0:01:30]} 11. Ne5 {[%emt 0:03:30]} Nxe5 {[%emt 0:00:30]} 12. Rxe5 {[%emt 0:00:00]} Bd6 {[%emt 0:00:00]} 13. Re1 {[%emt 0:00:00]} e5 {[%emt 0:01:00]} 14. c5 {[%emt 0:02:30]} Bxc5 {[%emt 0:19:30]} 15. Rxe5 {[%emt 0:01:30]} Bd6 {[%emt 0:00:30]} 16. Re1 {[%emt 0:00:30]} Bb4 {[%emt 0:00:30]} 17. Bd2 {[%emt 0:02:30]} Bg4 {[%emt 0:00:30]} 18. Qc2 {[%emt 0:02:30]} Rc8 {[%emt 0:07:30]} 19. Nc4 {[%emt 0:01:30]} Bxd2 {[%emt 0:01:30]} 20. Qxd2 {[%emt 0:00:00]} Rc7 {[%emt 0:12:30]} 21. Rac1 {[%emt 0:06:00]} Be6 {[%emt 0:06:30]} 22. Na5 {[%emt 0:05:30]} Bd5 {[%emt 0:02:30]} 23. Bxd5 {[%emt 0:03:30]} Nxd5 {[%emt 0:00:00]} 24. Rxc7 {[%emt 0:04:30]} Nxc7 {[%emt 0:06:00]} 25. Nxb7 {[%emt 0:19:30]} Qd5 {[%emt 0:00:00]} 26. Na5 {[%emt 0:02:30]} Ne6 {[%emt 0:00:00]} 27. h4 {[%emt 0:00:30]} Qxa2 {[%emt 0:05:30]} 28. Nc4 {[%emt 0:03:30]} 1/2-1/2

[Event "27th CRO-chT 1A-Men 2018"]
[Site "Biograd"]
[Date "2018.09.09"]
[Round "2.12"]
[White "Sale, Srdjan"]
[Black "Filipovic, Marko"]
[Result "1-0"]
[WhiteElo "2428"]
[BlackElo "2321"]
[Annotator "TA"]
[PlyCount "55"]
[EventDate "2018.09.08"]
[EventType "team-tourn"]
[EventCountry "CRO"]
[SourceTitle "playchess.com"]
[Source "ChessBase"]
[SourceQuality "1"]

{[%evp 20,55,-29,-37,-17,-35,0,-12,33,25,36,41,104,101,83,97,102,93,79,87,110,89,272,278,272,279,316,312,357,281,264,257,550,536,565,557,551,527]} 1. g3 d5 2. Bg2 Nf6 3. Nf3 e6 4. O-O Be7 5. d3 O-O 6. Nbd2 {[%cal Bb1d2,Bd2f1,Bf1e3,Be3d5][%mdl 32]} c5 7. e4 Nc6 8. e5 Nd7 9. Re1 Rb8 10. Nf1 b5 11. h4 {[%cal Bh2h4,Bh4h5,Bh5h6][%mdl 32]} Qc7 {C00: French: Unusual White 2nd moves} (11... d4 12. Bf4 Bb7 13. N1h2 c4 14. dxc4 bxc4 15. Nxd4 Nxd4 16. Qxd4 Bxg2 17. Kxg2 Nb6 18. Qxd8 Rfxd8 19. b3 {½-½ (41) Bailet,P (2528)-Stany,G (2491) Sautron 2017}) 12. Bf4 b4 13. h5 a5 $146 {The position is equal.} ({Predecessor:} 13... Ba6 14. N1h2 Nb6 15. h6 g6 16. Ng4 Rbc8 17. Bg5 Nd7 18. Qd2 Qd8 19. Qf4 {½-½ (80) Posch,W (2283)-Raffalt,M (2213) Oberpullendorf 2002}) 14. h6 g6 15. Ne3 Ba6 {[#]} (15... Qd8 $14) 16. Nxd5 $1 $16 exd5 17. e6 Bd6 18. Bxd6 Qxd6 19. exd7 Qxd7 20. d4 {[%cal Bd3d4,Bd4c5][%mdl 32]} f6 $2 {[#]} (20... c4 $16 {is a better defense.}) 21. dxc5 $18 d4 22. Nd2 {[%cal Bf3d2,Bd2e4,Be4d6][%mdl 32]} Rbd8 23. Ne4 Qf5 24. Qf3 Qxf3 25. Bxf3 d3 $2 (25... Ne5 {might work better.} 26. Bd1 f5) 26. Nd6 {White is clearly winning.} Nd4 27. Bd5+ Kh8 28. cxd3 {Precision: White = 74%, Black = 15%.} 1-0